Scottish architecture (Record no. 9482)

000 -LEADER
fixed length control field 00374nam a2200145 4500
003 - CONTROL NUMBER IDENTIFIER
control field OSt
005 - DATE AND TIME OF LATEST TRANSACTION
control field 20210628114927.0
008 - FIXED-LENGTH DATA ELEMENTS--GENERAL INFORMATION
fixed length control field 210628b ||||| |||| 00| 0 eng d
020 ## - INTERNATIONAL STANDARD BOOK NUMBER
International Standard Book Number 9780500203743
082 ## - DEWEY DECIMAL CLASSIFICATION NUMBER
Classification number 720.9411
Item number GLE
100 ## - MAIN ENTRY--PERSONAL NAME
Personal name Glendinning, Miles, 1956-
245 ## - TITLE STATEMENT
Title Scottish architecture
260 ## - PUBLICATION, DISTRIBUTION, ETC. (IMPRINT)
Place of publication, distribution, etc New York
Name of publisher, distributor, etc Thames and Hudson world of art
Date of publication, distribution, etc 2004
942 ## - ADDED ENTRY ELEMENTS (KOHA)
Source of classification or shelving scheme
Holdings
Withdrawn status Lost status Source of classification or shelving scheme Damaged status Koha normalized classification for sorting Not for loan Permanent location Current location Date acquired Full call number Barcode Date last seen Price effective from Koha item type
        720_941100000000000_GLE   BMS College of Architecture, Design and Planning BMS College of Architecture, Design and Planning 2021-06-28 720.9411 GLE AR-UG2286 2021-06-28 2021-06-28 UG Books
Copyright © 2025, The Librarian, Library and Information Centre, BMSCA D&P, Bengaluru. All Rights Reserved
web counter

Powered by Koha